MARC details
| 000 -LEADER |
| fixed length control field |
01200cam a2200301 4500 |
| 001 - CONTROL NUMBER |
| control field |
3122780 |
| 003 - CONTROL NUMBER IDENTIFIER |
| control field |
BDDh-ASL |
| 005 - DATE AND TIME OF LATEST TRANSACTION |
| control field |
20231015030122.0 |
| 008 - FIXED-LENGTH DATA ELEMENTS--GENERAL INFORMATION |
| fixed length control field |
690904s1968 nyua b 001 0 eng |
| 010 ## - LIBRARY OF CONGRESS CONTROL NUMBER |
| LC control number |
68056606 |
| 040 ## - CATALOGING SOURCE |
| Original cataloging agency |
DLC |
| Transcribing agency |
DLC |
| Modifying agency |
DLC |
| -- |
BDDh-ASL |
| 050 00 - LIBRARY OF CONGRESS CALL NUMBER |
| Classification number |
Q127.I4 |
| Item number |
S34 |
| 082 00 - DEWEY DECIMAL CLASSIFICATION NUMBER |
| Classification number |
954.509 |
| Item number |
SCI |
| 245 00 - TITLE STATEMENT |
| Title |
Science and the human condition in India and Pakistan / |
| Statement of responsibility, etc. |
Edited by Ward Morehouse. |
| 260 ## - PUBLICATION, DISTRIBUTION, ETC. |
| Place of publication, distribution, etc. |
New York : |
| Name of publisher, distributor, etc. |
Rockefeller University Press, |
| Date of publication, distribution, etc. |
1968. |
| 300 ## - PHYSICAL DESCRIPTION |
| Extent |
xvii, 230 p. : |
| Other physical details |
illus. |
| Dimensions |
24 cm. |
| 500 ## - GENERAL NOTE |
| General note |
"Based on the proceedings of a conference sponsored by the Center for International Programs and Services ... University of the State of New York, and the Rockefeller University [May 5-7, 1966]" |
| 504 ## - BIBLIOGRAPHY, ETC. NOTE |
| Bibliography, etc. note |
Bibliographical footnotes. |
| 650 #0 - SUBJECT ADDED ENTRY--TOPICAL TERM |
| Topical term or geographic name entry element |
Science |
| Geographic subdivision |
India. |
| 650 #0 - SUBJECT ADDED ENTRY--TOPICAL TERM |
| Topical term or geographic name entry element |
Science |
| Geographic subdivision |
Pakistan. |
| 651 #0 - SUBJECT ADDED ENTRY--GEOGRAPHIC NAME |
| Geographic name |
India |
| General subdivision |
Economic conditions. |
| 651 #0 - SUBJECT ADDED ENTRY--GEOGRAPHIC NAME |
| Geographic name |
Pakistan |
| General subdivision |
Economic conditions. |
| 700 1# - ADDED ENTRY--PERSONAL NAME |
| Personal name |
Morehouse, Ward, |
| Dates associated with a name |
1929- |
| Relator term |
ed. |
| 710 2# - ADDED ENTRY--CORPORATE NAME |
| Corporate name or jurisdiction name as entry element |
University of the State of New York. |
| Subordinate unit |
Center for International Programs and Services. |
| 710 2# - ADDED ENTRY--CORPORATE NAME |
| Corporate name or jurisdiction name as entry element |
Rockefeller University. |
| 906 ## - LOCAL DATA ELEMENT F, LDF (RLIN) |
| a |
7 |
| b |
cbc |
| c |
orignew |
| d |
u |
| e |
ncip |
| f |
19 |
| g |
y-gencatlg |
| 942 ## - ADDED ENTRY ELEMENTS (KOHA) |
| Source of classification or shelving scheme |
Dewey Decimal Classification |
| Koha item type |
Books |